[Event "Contrecoeur-D"]
[Site "Contrecoeur"]
[Date "2018.11.02"]
[Round "1.1"]
[White "Mai, Deren"]
[Black "Cossette Labbe, Raphael"]
[Result "1-0"]
[WhiteElo "1196"]
[BlackElo "989"]
[PlyCount "45"]
[EventDate "2018.11.02"]
[EventType "swiss"]
[EventRounds "5"]
[EventCountry "CAN"]
[SourceTitle "EXT 2022"]
[Source "ChessBase"]
[SourceDate "2021.10.06"]
[SourceVersion "1"]
[SourceVersionDate "2021.10.06"]
[SourceQuality "1"]

1. e4 e5 2. Nf3 Nc6 3. Bc4 Be7 4. d3 d6 5. Be3 Nf6 6. Nc3 0-0 7. Qd2 Na5 8. 0-0-0 Nxc4 9. dxc4 Ng4 10. Rdg1 Nxe3 11. Qxe3 h6 12. h4 Bg4 13. Nd5 Bxf3 14. Nxe7+ Qxe7 15. gxf3 Qf6 16. Rh3 Kh8 17. Rg4 Rg8 18. Rhg3 c5 19. f4 Qe6 20. f5 Qxc4 21. Rxg7 Rxg7 22. Qxh6+ Rh7 23. Qf6+ 1-0

[Event "CAN-ch U14"]
[Site "Quebec"]
[Date "2018.07.04"]
[Round "5.51"]
[White "Cossette Labbe, Raphael"]
[Black "Hallam, Lucas"]
[Result "0-1"]
[WhiteElo "1076"]
[BlackElo "1103"]
[PlyCount "116"]
[EventDate "2018.07.02"]
[EventType "swiss"]
[EventRounds "7"]
[EventCountry "CAN"]
[SourceTitle "EXT 2022"]
[Source "ChessBase"]
[SourceDate "2021.10.06"]
[SourceVersion "1"]
[SourceVersionDate "2021.10.06"]
[SourceQuality "1"]

1. d4 d5 2. c4 e6 3. Nf3 Nf6 4. Nc3 Bb4 5. Bd2 Nc6 6. Bg5 h6 7. Bf4 0-0 8. e3 b6 9. cxd5 Nxd5 10. Bg3 Nxc3 11. bxc3 Bxc3+ 12. Nd2 Bxa1 13. Qxa1 Re8 14. Bd3 Nb4 15. Qb1 Nxd3+ 16. Qxd3 e5 17. 0-0 exd4 18. exd4 a5 19. Bf4 Ba6 20. Qg3 g5 21. Rc1 Qe7 22. h3 c5 23. dxc5 bxc5 24. Bd6 Qd7 25. Rxc5 Rad8 26. Bf4 Kf8 27. Bc7 Rc8 28. Bd6+ Kg8 29. Ne4 Rxe4 30. f3 Rxc5 31. fxe4 Rc1+ 32. Kh2 Rd1 33. Be5 Qd3 34. Qg4 Re1 35. Qh5 Qxe4 36. Bd6 Qg6 37. Qxg6+ fxg6 38. g4 Re2+ 39. Kg1 Rxa2 40. Be5 a4 41. Kh1 Rc2 42. Kg1 a3 43. Kh1 a2 44. Kg1 Rc1+ 45. Kf2 a1Q 46. Bxa1 Rxa1 47. Ke3 Ra4 48. Kf3 h5 49. gxh5 gxh5 50. Kg3 Bc8 51. Kh2 Bxh3 52. Kxh3 Rh4+ 53. Kg3 Ra4 54. Kf3 Rg4 55. Kf2 h4 56. Kf3 Rg3+ 57. Kf2 Kf7 58. Kf1 Kf6 0-1

[Event "Quebec-ch U14"]
[Site "Montreal"]
[Date "2018.01.14"]
[Round "5"]
[White "Farahdel, Anahita"]
[Black "Cossette Labbe, Raphael"]
[Result "1-0"]
[WhiteElo "1175"]
[BlackElo "857"]
[PlyCount "42"]
[EventDate "2018.01.12"]
[EventType "swiss"]
[EventRounds "5"]
[EventCountry "CAN"]
[SourceTitle "EXT 2022"]
[Source "ChessBase"]
[SourceDate "2021.10.06"]
[SourceVersion "1"]
[SourceVersionDate "2021.10.06"]
[SourceQuality "1"]

1. e4 e5 2. Nf3 Nc6 3. Bc4 Nf6 4. d3 Bc5 5. 0-0 d5 6. exd5 Nxd5 7. Re1 f6 8. c3 0-0 9. d4 exd4 10. cxd4 Bb4 11. Bd2 Bxd2 12. Nbxd2 Re8 13. Rxe8+ Qxe8 14. Bxd5+ Kh8 15. Qe1 Qd8 16. Bxc6 bxc6 17. Qe4 f5 18. Qxc6 Rb8 19. Ng5 Qf8 20. Qxc7 Bb7 21. Ne6 Qe8 1-0

[Event "Quebec-ch U14"]
[Site "Montreal"]
[Date "2018.01.13"]
[Round "3"]
[White "Cossette Labbe, Raphael"]
[Black "Wang, Isabelle"]
[Result "0-1"]
[WhiteElo "857"]
[BlackElo "1635"]
[PlyCount "112"]
[EventDate "2018.01.12"]
[EventType "swiss"]
[EventRounds "5"]
[EventCountry "CAN"]
[SourceTitle "EXT 2022"]
[Source "ChessBase"]
[SourceDate "2021.10.06"]
[SourceVersion "1"]
[SourceVersionDate "2021.10.06"]
[SourceQuality "1"]

1. e4 e5 2. Nc3 Nf6 3. Nf3 Nc6 4. Bc4 Nxe4 5. Bd5 Nxc3 6. dxc3 d6 7. Be3 Be7 8. 0-0 0-0 9. Qd2 Be6 10. Be4 f5 11. Bd5 Qd7 12. Bg5 Rae8 13. Bxe7 Qxe7 14. Ng5 Bxd5 15. Qxd5+ Kh8 16. Nf3 f4 17. b4 e4 18. Rae1 Nd8 19. Nd4 c6 20. Qh5 d5 21. Nf5 g6 22. Nxe7 gxh5 23. Nc8 Nf7 24. Nxa7 Ra8 25. f3 Nd6 26. fxe4 Nxe4 27. g3 Rxa7 28. Rxf4 Rxf4 29. gxf4 Rxa2 30. Re2 Kg7 31. Rg2+ Kf7 32. Kf1 Ra1+ 33. Ke2 Nxc3+ 34. Ke3 Ne4 35. Kd4 Rf1 36. Ke5 Rf2 37. Rg1 Rxc2 38. f5 Nf6 39. Kd6 Rb2 40. Re1 Ne4+ 41. Kd7 Kf6 42. h4 Rxb4 43. Kc7 c5 44. Rd1 d4 45. Re1 d3 46. Rd1 d2 47. Kd8 Rc4 48. Rb1 Rc1 49. Rb6+ Ke5 50. Ke7 d1Q 51. Re6+ Kf4 52. f6 Nxf6 53. Rxf6+ Kg4 54. Ke6 Qe2+ 55. Kd7 Rd1+ 56. Kc7 Qe5+ 0-1

[Event "Quebec-ch U12"]
[Site "Montreal"]
[Date "2017.03.05"]
[Round "4"]
[White "Zhong, Ziyi"]
[Black "Cossette Labbe, Raphael"]
[Result "1-0"]
[WhiteElo "1253"]
[BlackElo "1008"]
[PlyCount "55"]
[EventDate "2017.03.04"]
[EventType "swiss"]
[EventRounds "5"]
[EventCountry "CAN"]
[SourceTitle "EXT 2022"]
[Source "ChessBase"]
[SourceDate "2021.10.06"]
[SourceVersion "1"]
[SourceVersionDate "2021.10.06"]
[SourceQuality "1"]

1. e4 e6 2. Nc3 d5 3. exd5 exd5 4. d4 Nc6 5. Nf3 Nf6 6. Bb5 Bd7 7. Bg5 Be7 8. 0-0 0-0 9. Bxf6 Bxf6 10. Nxd5 Be6 11. Nxf6+ Qxf6 12. Bxc6 bxc6 13. Ne5 Rab8 14. b3 Bd5 15. c4 Be4 16. Nd7 Qd8 17. Nxb8 Qxb8 18. Re1 Bf5 19. Qf3 g6 20. Qxc6 Rd8 21. Rac1 Bd7 22. Qf6 Qc8 23. d5 c6 24. Re7 Be8 25. Rce1 h5 26. dxc6 Bxc6 27. Qxf7+ Kh8 28. Qh7# 1-0